000 02026nam0a2200349 4500
001 RU\NLR\BIBL_A\022194752
005 20250627120330.0
010 _a978-5-901805-15-2
_91000
035 _a(NLR Aleph) 022194752
090 _a13321367
_c13321367
100 _a20240411d2022 |||y0rusy50 ca
101 0 _arus
102 _aRU
105 _aabchz 000yy
181 0 _ai3
_baxxe
182 0 _an
200 1 _aЭто стоило Перу!
_eреляция об открытии и завоевании королевств Перу, о правлении и образе жизни местных туземцев, о сокровищах, найденных в сей земле и о том, что здесь происходило вплоть до нынешнего времени, написана Педро Писарро, конкистадором и колонистом сих королевств, жителем города Арекипа, в 1571 году
_fАндрей Кофман
203 _aТекст
_bвизуальный
_cнепосредственный
210 _aМосква
_cКрига
_d2022 (печ. 2021)
215 _a422, [1] с.
_cил., цв. ил., карты, портр., факс.
_d25
300 _aНа 422-й с. авт.: Кофман А. Ф., д-р филол. наук
320 _aБиблиогр.: с. 419–421 и в подстроч. примеч.
320 _aДругие кн. авт. на 422-й с.
606 1 _aКолонизация
_jИсточники и источниковедение
_yЛатинская Америка
_z16 в.
_92355029
_3RU\NLR\AUTH\661406733
607 _aПеру
_jИсточники и источниковедение
_xИстория
_9999622
_3RU\NLR\AUTH\6661102
686 1 _aТ3(70)4-69,01
686 1 _aТ3(7Пе)0,02
700 1 _aКофман
_bА. Ф.
_f1954-
_gАндрей Федорович
942 _cBOOK
980 _aNB